| 000 | 00869nam a22002417a 4500 | ||
|---|---|---|---|
| 999 |
_c14823 _d14823 |
||
| 003 | AR-CdUCM | ||
| 008 | 190415b ||||| |||| 00| 0 spa d | ||
| 020 | _a978-9972-59-623-0 | ||
| 040 |
_aMUNICIPALIDAD PROVINCIAL DEL CUSCO _cBIBLIOTECA MUNICIPAL DEL CUSCO |
||
| 082 |
_aEP / 803 / _bZ97 |
||
| 100 |
_aZúñiga, Luis. _933705 |
||
| 245 |
_aEl yamata - no - orochi : _bLa cacería del dragón (mitología japonesa) / |
||
| 260 |
_aLima : _bCorporación gráfica Navarrete S.A., _c2015. |
||
| 300 |
_a46 páginas ; _c21 cm. |
||
| 440 |
_aSeres mitológicos del mundo. _n6 _933738 |
||
| 500 | _aYo leo plan lector. | ||
| 505 | _aContenido :El yamata - no - orochi, la cacería del dragón. | ||
| 650 |
_aHistorietas. _910786 |
||
| 650 |
_aCuentos de terror. _931714 |
||
| 700 |
_aAyala, Gabriel y Mateo. _931779 |
||
| 942 |
_2ddc _cLIBROS |
||
| 945 |
_arum _d2019-04-24 |
||